Un canto para Lara (Record no. 119093)

MARC details
000 -LEADER
campo de control de longitud fija 00481nam a2200157 4500
001 - NÚMERO DE CONTROL
campo de control 119093
003 - IDENTIFICADOR DE NÚMERO DE CONTROL
campo de control ES-MaACL
005 - FECHA Y HORA DE LA ÚLTIMA TRANSACCIÓN
campo de control 20230906191235.0
007 - CAMPO FIJO DE DESCRIPCIÓN FÍSICA--INFORMACIÓN GENERAL
campo de control de longitud fija t|
008 - DATOS DE LONGITUD FIJA--INFORMACIÓN GENERAL
campo de control de longitud fija 070214s1973 sp r ||||1| spa d
100 1# - ENTRADA PRINCIPAL--NOMBRE DE PERSONA
Nombre de persona Picaud-Bayart, Jocelyne.
9 (RLIN) 91804
245 13 - MENCIÓN DEL TÍTULO
Título Un canto para Lara
Resto del título : (tercera antología de versos) /
Mención de responsabilidad, etc. Soledad Piqueras [Seud.].
260 ## - PUBLICACIÓN, DISTRIBUCIÓN, ETC.
Lugar de publicación, distribución, etc. Soria :
Nombre del editor, distribuidor, etc. [s. n.],
Fecha de publicación, distribución, etc. 1973 (
Fabricante Imp. Las Heras)
300 ## - DESCRIPCIÓN FÍSICA
Extensión 113 p. ;
Dimensiones 22 cm.
852 ## - LOCALIZACIÓN
Ubicación ES-MaACL
Número de control de estantería C-54252
Sublocalización o colección R.87233
Holdings
Estatus retirado Estado de pérdida Estado de daño No para préstamo Biblioteca de origen Biblioteca actual Ubicación en estantería Fecha de adquisición Fuente de adquisición Total de préstamos Signatura topográfica completa Código de barras Visto por última vez Precio de reemplazo Tipo de ítem Koha
        Biblioteca del Ateneo de Madrid Biblioteca del Ateneo de Madrid Depósito 2 17/01/2008     C-54252 1124153 23/02/2023 23/02/2023 Libro impreso